000 00392nam a2200145 i 4500
001 bg
100 1 _aCLASON, W. E.
245 0 _aDictionary of chemical engineering.
_nVol. 1,
_pChemical engineering and laboratory equipment /
_cW.E. Clason.
260 _aAmsterdam,
_c1968.
040 _cBPK
041 _apol
080 _a54(038)
942 _cKS
008 s pl f |000 0 pol
999 _c8489
_d8489
856 _uhttp://koha.tu.koszalin.pl/cgi-bin/koha/opac-detail.pl?biblionumber=8489
_yKatalog online BPK